| 000 | 00786nam a22002297a 4500 | ||
|---|---|---|---|
| 999 |
_c64399 _d64399 |
||
| 005 | 20240530110729.0 | ||
| 008 | 180505s2006 ua a g b 000 0 ara d | ||
| 017 |
_a2006/4356 _bمصر. دار الكتب |
||
| 040 |
_aEG-CaGPL _cEG-CaGPL |
||
| 082 | 0 | 4 |
_221 _a071.62 \ _bخ ر |
| 100 | 0 | _aاسماعيل سراج الدين | |
| 245 | 1 | 0 |
_aروزاليوسف : _b80 سنة صحافة / _cاسماعيل سراج الدين ، كرم جبر |
| 250 | _aط.1 | ||
| 260 |
_aالاسكندرية : _c2006 . |
||
| 300 |
_a430 ص. ؛ _c28 سم. |
||
| 650 | 0 | 7 |
_2qrmak _aالصحف المصرية |
| 650 | 0 | 7 |
_2qrmak _aروزاليوسف |
| 650 | 0 | 7 |
_2qrmak _aالصحفيون المصريون |
| 651 | _2qrmak | ||
| 942 |
_2ddc _cBK |
||